| 000 | 04399cam a22003858a 4500 | ||
|---|---|---|---|
| 001 | 39142 | ||
| 003 | OSt | ||
| 005 | 20140918154650.0 | ||
| 008 | 070711s2007 paua 000 0 eng | ||
| 015 |
_aGBA756086 _2bnb |
||
| 016 | 7 |
_a013795637 _2Uk |
|
| 020 | _a9781416037552 (pbk.) | ||
| 020 | _a1416037551 (pbk.) | ||
| 035 | _a(OCoLC)ocn156891275 | ||
| 035 | _a(OCoLC)156891275 | ||
| 035 | _a(NNC)6321296 | ||
| 040 |
_aUKM _cUKM _dBAKER _dVET _dVAM _dYDXCP _dNNC-M _dOrLoB-B |
||
| 082 | 0 | 4 |
_a616.025 _222 |
| 090 |
_aRT120.E4 _bE456 2007 |
||
| 096 |
_aWY 18.2 _bE525 2007 |
||
| 245 | 0 | 0 | _aEmergency nursing core curriculum. |
| 250 |
_a6th ed. / _bEmergency Nurses Association. |
||
| 260 |
_aPhiladelphia, Pa. ; _aEdinburgh : _bElsevier Saunders, _c2007. |
||
| 300 |
_axxxi, 1118 p. ; _bill. ; _c24 cm. |
||
| 500 | _aPrevious ed.: published as by Kathleen Jordan. London: W.B. Saunders, 1999. | ||
| 504 | _aIncludes bibliographical references and index. | ||
| 505 | 0 | 0 |
_g1. _tNursing Assessment and Resuscitation / _rJean A. Proehl -- _g2. _tTriage / _rNickl Gilboy and Debbie Travers -- _g3. _tAbuse and Neglect/Sexual Assault / _rAnita Ruiz-Contreras -- _g4. _tComplementary/Alternative Therapies / _rVicki Sweet -- _g5. _tCultural Dimensions / _rChristine Dimitrakopoulos -- _g6. _tEnd-of-Life Issues in the Emergency Department / _rGarrett K. Chan -- _g7. _tInvasive Hemodynamic Monitoring / _rS. Kay Sedlak -- _g8. _tOrgan and Tissue Donation and Post-Transplantation Emergencies / _rElisa Giglio-Siudzinski -- _g9. _tPain Management / _rRuth L. Schaffler -- _g10. _tAbdominal Emergencies / _rLucinda W. Rossoll -- _g11. _tCardiovascular Emergencies / _rLaura M. Criddle -- _g12. _tDental, Ear, Nose, and Throat Emergencies / _rDaun A. Smith -- _g13. _tEndocrine Emergencies / _rSuzanne M. Wall -- _g14. _tEnvironmental Emergencies / _rKathleen Flarity -- _g15. _tFacial Emergencies / _rJoni Hentzen Daniels -- _g16. _tFluid and Electrolyte Abnormalities / _rBetty L. Kuiper -- _g17. _tGenitourinary Emergencies / _rKathleen Sanders Jordan -- _g18. _tHematologic/Oncologic Emergencies / _rShelby Hunt -- _g19. _tCommunicable and Infectious Disease Emergencies / _rAmy Smith Peard -- _g20. _tMedical Emergencies / _rSusan Engman Lazear and Anne Roberts -- _g21. _tNeurologic Emergencies / _rCynthia S. Baxter -- _g22. _tObstetric and Gynecologic Emergencies / _rKathleen Sanders Jordan -- _g23. _tOcular Emergencies / _rAnn E. Gerhart -- _g24. _tOrthopedic Emergencies / _rMary Jo Cerepani and Denise R. Ramponi -- _g25. _tToxicologic Emergencies / _rMaureen Phillips -- _g26. _tPsychiatric/Psychosocial Emergencies / _rLynne Gagnon -- _g27. _tRespiratory Emergencies / _rJudy Selfridge-Thomas and K. Sue Hoyt -- _g28. _tShock Emergencies / _rRenee Semonin Holleran -- _g29. _tWounds and Wound Management / _rElda G. Ramirez -- _g30. _tMechanism of Injury / _rKyle Madigan -- _g31. _tNursing Assessment and Trauma Resuscitation / _rRenee Semonin Holleran -- _g32. _tAbdominal and Urologic Trauma / _rMelody R. Campbell -- _g33. _tBurn Trauma / _rCheryl Wroa -- _g34. _tNeurologic Trauma / _rDaun A. Smith -- _g35. _tOcular and Maxillofacial Trauma / _rSheila Sanning Shea -- _g36. _tObstetric Trauma / _rTerri McGowan Repasky -- _g37. _tOrthopedic Trauma / _rDenise R. Rampant and Mary Jo Cerepani -- _g38. _tThoracic Trauma / _rJohn Fazio -- _g39. _tDisaster Preparedness and Response / _rBettina M. Stopford -- _g40. _tWeapons of Mass Destruction / _rBettina M. Stopford and Wendy L. Colon -- _g41. _tEducation: Professional, Patient, and Community / _rKristine Kenney Powell and Joni Hentzen Daniels -- _g42. _tEmergency Patient Transfer and Transport / _rKathy Robinson -- _g43. _tForensic Aspects of Emergency Nursing / _rJamie J. Ferrell -- _g44. _tLegal and Regulatory Issues / _rMary Jagim -- _g45. _tProfessionalism and Leadership / _rNancy M. Bonalumi and Denise King -- _g46. _tResearch and Evidence-Based Practice / _rPatricia Kunz Howard -- _gApp. A. _tNANDA International-Approved Nursing Diagnoses -- _gApp. B. _tCurrent Evaluations and Outcomes Correlated with Current Nursing Diagnoses -- _gApp. C. _tComa Scales -- _gApp. D. _tAge-Specific Vital Signs -- _gApp. E. _tInfant Pain Scales -- _gApp. F. _tRevised Trauma Score. |
| 650 | 0 | _aEmergency nursing. | |
| 650 | 1 | 2 |
_aEmergency Nursing _xeducation _vOutlines. |
| 650 | 2 | 2 |
_aCurriculum _vOutlines. |
| 700 | 1 | _aJordan, Kathleen. | |
| 710 | 2 | _aEmergency Nurses Association. | |
| 900 | _bTOC | ||
| 942 |
_2ddc _cBK |
||
| 999 |
_c525 _d525 |
||